ბათუმის შოთა რუსთაველის სახელმწიფო უნივერსიტეტის ბიბლიოთეკა

Слесарь газового хозяйства (служба внутридомовых сетей и оборудования). (ბიბ.ჩანაწერი № 47099)

000 -LEADER
fixed length control field 00678nam a2200205Ia 4500
001 - CONTROL NUMBER
control field 13956
003 - CONTROL NUMBER IDENTIFIER
control field GE_BSU
008 - FIXED-LENGTH DATA ELEMENTS--GENERAL INFORMATION
fixed length control field 181216s||||||||xx |||||||||||||| ||und||
040 ## - CATALOGING SOURCE
Transcribing agency GE_BSU
080 ## - UNIVERSAL DECIMAL CLASSIFICATION NUMBER
Universal Decimal Classification number 662.76:696.2
100 ## - MAIN ENTRY--PERSONAL NAME
Personal name Пиняков,М.Я.
245 ## - TITLE STATEMENT
Title Слесарь газового хозяйства (служба внутридомовых сетей и оборудования).
245 ## - TITLE STATEMENT
Statement of responsibility, etc. Науч. ред. Е.Б.Столпнер.
260 ## - PUBLICATION, DISTRIBUTION, ETC.
Place of publication, distribution, etc. Л.
260 ## - PUBLICATION, DISTRIBUTION, ETC.
Name of publisher, distributor, etc. Недра.
260 ## - PUBLICATION, DISTRIBUTION, ETC.
Date of publication, distribution, etc. 1972.
300 ## - PHYSICAL DESCRIPTION
Extent 136 стр. с илл. 20 см. Библиогр.: стр.135.
653 ## - INDEX TERM--UNCONTROLLED
Uncontrolled term Слесарь газового хозяйства.
942 ## - ADDED ENTRY ELEMENTS (KOHA)
Koha item type წიგნი
ეგზემპლარები
Withdrawn status Lost status Damaged status Not for loan Date acquired Barcode Date last seen Price effective from Koha item type
        2018-12-17 12405 2018-12-17 2018-12-17 წიგნი